[Event "DEM U12 2016"]
[Site "Willingen GER"]
[Date "2016.05.16"]
[Round "4"]
[White "Trifan, Andrei Ioan"]
[Black "Kölle, Tobias"]
[Result "0-1"]
[Termination "normal"]
[Board "1"]
[WhiteElo "2099"]
[BlackElo "1714"]
[WhiteClock "00:02:22"]
[BlackClock "00:28:18"]
[PlyCount "88"]
[WhiteFideId "12967068"]
[BlackFideId "16207378"]
[EventCountry "GER"]
[EventRounds "11"]
[EventType "swiss"]
[EventDate "2016.05.14"]

1. e4 e5 2. d4 exd4 3. Bc4 Nc6 4. Nf3 Nf6 5. e5 d5 6. Bb5 Ne4 7. Nxd4 Bd7 8.
Bxc6 bxc6 9. O-O Bc5 10. f3 Ng5 11. f4 Ne4 12. Be3 O-O 13. Nd2 Nxd2 14. Qxd2
Re8 15. Nb3 Bb6 16. Bc5 a5 17. a4 Bf5 18. Rf2 Qb8 19. Qd4 Qa7 20. Rd1 Rab8 21.
Qc3 Bxc5 22. Nxc5 Rb4 23. Rd4 Reb8 24. Nb3 Qb6 25. Rxb4 axb4 26. Qd2 Qa7 27. a5
Be4 28. Kh1 Ra8 29. Rf1 c5 30. Ra1 c4 31. Nd4 Qc5 32. Rf1 Rxa5 33. f5 Ra2 34.
f6 Qf8 35. h3 c5 36. Nf5 Bxf5 37. Rxf5 g6 38. Rf2 c3 39. bxc3 b3 40. Rf1 b2 41.
Rb1 Ra1 42. Qe1 Qa8 43. e6 Rxb1 44. Qxb1 Qa1 0-1

[Event "DEM U12 2016"]
[Site "Willingen GER"]
[Date "2016.05.16"]
[Round "4"]
[White "Wu, Leon"]
[Black "Yi, Danny"]
[Result "0-1"]
[Termination "normal"]
[Board "3"]
[WhiteElo "1743"]
[BlackElo "1863"]
[WhiteClock "00:09:17"]
[BlackClock "00:18:29"]
[PlyCount "142"]
[WhiteFideId "12977438"]
[BlackFideId "12988588"]
[EventCountry "GER"]
[EventRounds "11"]
[EventType "swiss"]
[EventDate "2016.05.14"]

1. e4 e5 2. Nf3 Nc6 3. Bb5 g6 4. O-O Bg7 5. c3 a6 6. Ba4 Nge7 7. d4 exd4 8.
cxd4 d5 9. e5 O-O 10. Be3 Bg4 11. Nbd2 b5 12. Bc2 f6 13. exf6 Rxf6 14. h3 Bxf3
15. Nxf3 Qd6 16. Ne5 Rff8 17. f4 Rae8 18. Rc1 Nd8 19. Qg4 Nf7 20. Qh4 Qe6 21.
g4 Nd6 22. b3 Rc8 23. Qg3 Nb7 24. Bb1 Kh8 25. Rf2 Qd6 26. f5 c5 27. fxg6 Nxg6
28. Nxg6+ hxg6 29. Qxd6 Nxd6 30. dxc5 Ne4 31. Bxe4 dxe4 32. Rxf8+ Bxf8 33. Kf2
Kg7 34. b4 Kf6 35. Rd1 Ke6 36. Kg3 Kf6 37. h4 Rc6 38. Rf1+ Ke7 39. Bg5+ Ke8 40.
Re1 Re6 41. Kf4 a5 42. a3 axb4 43. axb4 Bg7 44. Rxe4 Kf7 45. Kf3 Bc3 46. Rf4+
Ke8 47. h5 Bd2 48. h6 Bxf4 49. h7 Be5 50. Ke4 Bh8+ 51. Kf3 Kf7 52. Bf4 Kg7 53.
Bd6 Kxh7 54. Kf4 Bc3 55. Kg5 Bxb4 56. Kf4 Rxd6 57. cxd6 Bxd6+ 58. Ke4 b4 59.
Kd3 Kh6 60. Ke4 b3 61. Kd3 b2 62. Kc2 Be5 63. Kb1 Kg5 64. Kc2 Kxg4 65. Kd2 b1=Q
66. Ke3 Qb4 67. Ke2 Qc3 68. Kf2 Qd3 69. Kg2 Qf3+ 70. Kg1 Bd4+ 71. Kh2 Qh3# 0-1

[Event "DEM U12 2016"]
[Site "Willingen GER"]
[Date "2016.05.16"]
[Round "4"]
[White "Astner, Sebastian"]
[Black "Colbow, Collin"]
[Result "1-0"]
[Termination "normal"]
[Board "4"]
[WhiteElo "1712"]
[BlackElo "1632"]
[WhiteClock "00:29:25"]
[BlackClock "00:29:39"]
[PlyCount "43"]
[WhiteFideId "12979422"]
[BlackFideId "16201132"]
[EventCountry "GER"]
[EventRounds "11"]
[EventType "swiss"]
[EventDate "2016.05.14"]

1. e4 e5 2. Nf3 Nc6 3. Bb5 a6 4. Bxc6 dxc6 5. Nc3 f6 6. d4 exd4 7. Nxd4 Bd6 8.
O-O Ne7 9. Be3 O-O 10. Qd3 Ng6 11. f4 Re8 12. Rae1 c5 13. Nb3 b6 14. f5 Ne7 15.
Rf3 Bb7 16. Rh3 Nc6 17. Qd5+ Kh8 18. Rf1 Rb8 19. Rff3 g5 20. Rxh7+ Kxh7 21.
Qf7+ Kh6 22. Qg6# 1-0

[Event "DEM U12 2016"]
[Site "Willingen GER"]
[Date "2016.05.16"]
[Round "4"]
[White "Breitzmann, Sander"]
[Black "Krastev, Alexander"]
[Result "1-0"]
[Termination "normal"]
[Board "5"]
[WhiteElo "1582"]
[BlackElo "1931"]
[WhiteClock "01:10:43"]
[BlackClock "01:08:21"]
[PlyCount "33"]
[WhiteFideId "12987085"]
[BlackFideId "12989983"]
[EventCountry "GER"]
[EventRounds "11"]
[EventType "swiss"]
[EventDate "2016.05.14"]

1. e4 e5 2. Nf3 Nc6 3. Bc4 Bc5 4. c3 Nf6 5. d3 O-O 6. O-O d5 7. exd5 Nxd5 8.
Bb5 Bd6 9. Re1 Nde7 10. Nbd2 Ng6 11. Ne4 a6 12. Ba4 f5 13. Bb3+ Kh8 14. Neg5
Qf6 15. Nxh7 Qd8 16. Nxf8 Qxf8 17. Ng5 1-0

[Event "DEM U12 2016"]
[Site "Willingen GER"]
[Date "2016.05.16"]
[Round "4"]
[White "Li, Simon"]
[Black "Kosev, Momchil"]
[Result "1/2-1/2"]
[Termination "normal"]
[Board "6"]
[WhiteElo "1960"]
[BlackElo "1778"]
[WhiteClock "00:32:58"]
[BlackClock "00:42:51"]
[PlyCount "44"]
[WhiteFideId "12972134"]
[BlackFideId "12975982"]
[EventCountry "GER"]
[EventRounds "11"]
[EventType "swiss"]
[EventDate "2016.05.14"]

1. e4 c5 2. Nf3 d6 3. d4 cxd4 4. Nxd4 Nf6 5. Nc3 a6 6. h3 e6 7. g4 h6 8. Bg2
Be7 9. Be3 Qc7 10. Qe2 Nc6 11. O-O-O Bd7 12. f4 Rc8 13. h4 b5 14. g5 Ng8 15. f5
Ne5 16. fxe6 fxe6 17. Bh3 Qc4 18. Qf2 b4 19. Bf1 Qc7 20. Nb1 Ng4 21. Qe2 Nxe3
22. Qxe3 e5 1/2-1/2

[Event "DEM U12 2016"]
[Site "Willingen GER"]
[Date "2016.05.16"]
[Round "4"]
[White "Hundrieser, Malte"]
[Black "Dobrikov, Marco"]
[Result "0-1"]
[Termination "normal"]
[Board "7"]
[WhiteElo "1845"]
[BlackElo "1943"]
[WhiteClock "00:44:33"]
[BlackClock "01:02:23"]
[PlyCount "38"]
[WhiteFideId "12997153"]
[BlackFideId "12950378"]
[EventCountry "GER"]
[EventRounds "11"]
[EventType "swiss"]
[EventDate "2016.05.14"]

1. e4 c5 2. Nf3 Nc6 3. d4 cxd4 4. Nxd4 g6 5. Nc3 Bg7 6. Be3 Nf6 7. Bc4 O-O 8.
Bb3 d6 9. f3 Bd7 10. Qd2 Rc8 11. O-O-O Ne5 12. h4 h5 13. Bh6 Nc4 14. Bxc4 Rxc4
15. Bxg7 Kxg7 16. g4 hxg4 17. h5 Rh8 18. hxg6 fxg6 19. Qg5 Rxd4 0-1

[Event "DEM U12 2016"]
[Site "Willingen GER"]
[Date "2016.05.16"]
[Round "4"]
[White "Wu, Luka"]
[Black "Post, Hugo"]
[Result "0-1"]
[Termination "normal"]
[Board "8"]
[WhiteElo "1777"]
[BlackElo "1869"]
[WhiteClock "00:12:50"]
[BlackClock "00:07:54"]
[PlyCount "104"]
[WhiteFideId "12977420"]
[BlackFideId "12962490"]
[EventCountry "GER"]
[EventRounds "11"]
[EventType "swiss"]
[EventDate "2016.05.14"]

1. e4 c5 2. Nf3 Nc6 3. d4 cxd4 4. Nxd4 g6 5. Nc3 Bg7 6. Be3 Nf6 7. Bc4 O-O 8.
Bb3 Re8 9. f3 e6 10. Qd2 d5 11. exd5 Nxd5 12. Nxd5 Nxd4 13. Nc3 Nxb3 14. axb3
Qxd2+ 15. Kxd2 a6 16. Ke2 Bd7 17. Rhd1 Bc6 18. Rd2 f5 19. Rad1 e5 20. Kf2 Rac8
21. g3 h6 22. h4 Kh7 23. f4 exf4 24. Bxf4 Re6 25. Rd8 Rxd8 26. Rxd8 Bf6 27. Rd2
g5 28. hxg5 hxg5 29. Be3 g4 30. Na4 Kg6 31. Nc5 Re7 32. Rd6 Kf7 33. c3 Be5 34.
Rh6 Bxg3+ 35. Ke2 f4 36. Rh7+ Kf6 37. Rxe7 Kxe7 38. Bf2 Bxf2 39. Kxf2 Kf6 40.
Nd3 Kf5 41. Ne1 g3+ 42. Ke2 Kg4 43. Kf1 Kh3 44. Nd3 f3 45. Nf4+ Kh2 46. c4 g2+
47. Nxg2 fxg2+ 48. Ke2 g1=Q 49. Kd2 Qd4+ 50. Kc2 Be4+ 51. Kc1 Qd3 52. b4 Qc2#
0-1

[Event "DEM U12 2016"]
[Site "Willingen GER"]
[Date "2016.05.16"]
[Round "4"]
[White "Grund, Sebastian"]
[Black "Musiolik, David"]
[Result "1/2-1/2"]
[Termination "normal"]
[Board "9"]
[WhiteElo "1773"]
[BlackElo "1643"]
[WhiteClock "00:05:57"]
[BlackClock "00:15:26"]
[PlyCount "113"]
[WhiteFideId "12988626"]
[BlackFideId "12972355"]
[EventCountry "GER"]
[EventRounds "11"]
[EventType "swiss"]
[EventDate "2016.05.14"]

1. d4 d5 2. c4 e6 3. Nf3 Nf6 4. g3 Bb4+ 5. Bd2 Be7 6. Bg2 c6 7. cxd5 cxd5 8.
O-O O-O 9. Nc3 Nc6 10. Rc1 Ne4 11. e3 Nd6 12. Qe2 Bd7 13. b3 Bf6 14. Rfd1 b5
15. Be1 Qb6 16. e4 dxe4 17. Nxe4 Nxe4 18. Qxe4 Ne7 19. Ne5 Bxe5 20. dxe5 Nd5
21. Qg4 Bc6 22. Bd2 Kh8 23. Be4 f5 24. exf6 Nxf6 25. Rxc6 Nxg4 26. Rxb6 axb6
27. Bxa8 Rxa8 28. Bf4 Kg8 29. h3 Nf6 30. Rd6 Kf7 31. Rxb6 Nd5 32. Rb7+ Kf6 33.
Bd6 Rxa2 34. Rxb5 Ra6 35. Bc5 Rc6 36. b4 Rc7 37. Ra5 Rb7 38. Ra3 Rb8 39. Rb3
Rb5 40. Kg2 Ke5 41. Kf3 Nc7 42. Ke3 Na6 43. Bf8 g6 44. Kd3 Kd5 45. Kc3 Nc7 46.
Kb2 Rb8 47. Bh6 Na6 48. Kc3 Rc8+ 49. Kd3 Rb8 50. Kc3 Rc8+ 51. Kb2 Rb8 52. Bd2
Kc4 53. Ka3 Ra8 54. Kb2 Rb8 55. Kc2 Rb7 56. Rc3+ Kd5 57. Rd3+ 1/2-1/2

[Event "DEM U12 2016"]
[Site "Willingen GER"]
[Date "2016.05.16"]
[Round "4"]
[White "Hetzner, Hannes"]
[Black "Sulayev, Daniel"]
[Result "1-0"]
[Termination "normal"]
[Board "10"]
[WhiteElo "1319"]
[BlackElo "1791"]
[PlyCount "61"]
[WhiteFideId "16211936"]
[BlackFideId "12977675"]
[EventCountry "GER"]
[EventRounds "11"]
[EventType "swiss"]
[EventDate "2016.05.14"]

1. e4 c5 2. Nf3 Nc6 3. d4 cxd4 4. Nxd4 Nf6 5. Nc3 e5 6. Ndb5 d6 7. Nd5 Nxd5 8.
exd5 Nb8 9. Bd3 a6 10. Nc3 Be7 11. Be3 O-O 12. Qd2 f5 13. f3 Nd7 14. O-O-O b5
15. Ne2 Bb7 16. g4 f4 17. Bf2 Nb6 18. Be4 Nc4 19. Qd3 h6 20. h4 Qa5 21. a3 Rac8
22. Be1 Qb6 23. Bf5 Rc7 24. Kb1 Qe3 25. Be6+ Kh8 26. Qg6 Qxe2 27. Bb4 Ne3 28.
Rc1 Qxf3 29. g5 Bxd5 30. gxh6 Qg3 31. hxg7# 1-0

[Event "DEM U12 2016"]
[Site "Willingen GER"]
[Date "2016.05.16"]
[Round "4"]
[White "Englert, Jon"]
[Black "Kotyk, Michael"]
[Result "1/2-1/2"]
[Termination "normal"]
[Board "11"]
[WhiteElo "1663"]
[BlackElo "1818"]
[PlyCount "120"]
[WhiteFideId "12992275"]
[BlackFideId "16214501"]
[EventCountry "GER"]
[EventRounds "11"]
[EventType "swiss"]
[EventDate "2016.05.14"]

1. g3 g6 2. Bg2 Bg7 3. d3 f5 4. Nd2 Nf6 5. e3 d6 6. Ne2 e5 7. b3 c6 8. Bb2 a5
9. a3 Be6 10. d4 e4 11. c4 d5 12. c5 Bc8 13. Nc3 b6 14. cxb6 Nbd7 15. Na4 Nxb6
16. Nc5 Ba6 17. Rc1 Qd6 18. Qc2 Nbd7 19. b4 axb4 20. axb4 Bb5 21. Ndb3 Nb6 22.
Bf1 Nc4 23. Nd2 Nxd2 24. Qxd2 Bxf1 25. Kxf1 Kf7 26. Kg2 h5 27. h4 Ng4 28. Qc3
Rhb8 29. Ra1 Qe7 30. Ra3 Rxa3 31. Qxa3 Bf8 32. Ra1 Rb5 33. Bc3 g5 34. Qa8 Qd6
35. Ra7+ Be7 36. hxg5 Rb8 37. Rxe7+ Kxe7 38. Qa7+ Ke8 39. Qh7 Kd8 40. Nb7+ Rxb7
41. Qxb7 Qc7 42. Qa8+ Qc8 43. Qxc8+ Kxc8 44. Be1 Kd8 45. Kh3 Ke7 46. Kh4 Kf7
47. Kxh5 Kg7 48. g6 Kf6 49. g7 Kxg7 50. Kg5 Nh6 51. Kf4 Kf6 52. f3 exf3 53.
Kxf3 Kg5 54. Bd2 Kf6 55. Ke2 Nf7 56. Kf3 Nh6 57. Ke2 Nf7 58. Kf3 Nh6 59. Bc3
Kg5 60. Bd2 Kf6 1/2-1/2

[Event "DEM U12 2016"]
[Site "Willingen GER"]
[Date "2016.05.16"]
[Round "4"]
[White "Hinrichs, Paul"]
[Black "Breß, Aaron"]
[Result "1-0"]
[Termination "normal"]
[Board "12"]
[WhiteElo "1795"]
[BlackElo "1650"]
[PlyCount "37"]
[WhiteFideId "12942545"]
[BlackFideId "12996432"]
[EventCountry "GER"]
[EventRounds "11"]
[EventType "swiss"]
[EventDate "2016.05.14"]

1. d4 Nf6 2. c4 e6 3. Nc3 Bb4 4. e3 O-O 5. Bd3 b6 6. Nf3 Bb7 7. O-O d5 8. cxd5
Nxd5 9. Qc2 h6 10. e4 Nf6 11. a3 Bxc3 12. bxc3 Nbd7 13. c4 Rc8 14. Rd1 Qe7 15.
Bb2 c5 16. e5 Ne8 17. d5 f6 18. dxe6 Qxe6 19. Bf5 1-0

[Event "DEM U12 2016"]
[Site "Willingen GER"]
[Date "2016.05.16"]
[Round "4"]
[White "Weihrauch, Jakob"]
[Black "Parshykov, Edgar"]
[Result "1-0"]
[Termination "normal"]
[Board "13"]
[WhiteElo "1856"]
[BlackElo "1599"]
[PlyCount "59"]
[WhiteFideId "16210115"]
[BlackFideId "16222458"]
[EventCountry "GER"]
[EventRounds "11"]
[EventType "swiss"]
[EventDate "2016.05.14"]

1. d4 e6 2. c4 Nf6 3. Nf3 d5 4. g3 c6 5. Bg2 Bd6 6. O-O O-O 7. Qc2 Nbd7 8. Nbd2
Rb8 9. e4 dxe4 10. Nxe4 Nxe4 11. Qxe4 Nf6 12. Qe2 Bd7 13. Ne5 h6 14. Bf4 Bc7
15. Qf3 Ne8 16. Rad1 g5 17. Bc1 Kg7 18. h4 f6 19. Nxd7 Qxd7 20. Bh3 Kg6 21. d5
f5 22. dxe6 Qxe6 23. Rfe1 Qf7 24. Qe3 Nd6 25. hxg5 Rfe8 26. Qxa7 hxg5 27. Rxe8
Qxe8 28. Qc5 Qe4 29. Rxd6+ Bxd6 30. Qxd6+ 1-0

[Event "DEM U12 2016"]
[Site "Willingen GER"]
[Date "2016.05.16"]
[Round "4"]
[White "Hoffmann, Simon"]
[Black "Do, Nam"]
[Result "1-0"]
[Termination "normal"]
[Board "14"]
[WhiteElo "1710"]
[BlackElo "1890"]
[PlyCount "97"]
[WhiteFideId "12979686"]
[BlackFideId "12998885"]
[EventCountry "GER"]
[EventRounds "11"]
[EventType "swiss"]
[EventDate "2016.05.14"]

1. e4 e5 2. Nf3 Nc6 3. Bc4 Bc5 4. c3 Nf6 5. d3 d6 6. Nbd2 Bd7 7. Bb3 O-O 8. h3
Qe7 9. O-O Kh8 10. Re1 Rae8 11. Nf1 h6 12. Ng3 Nh7 13. Be3 Bxe3 14. fxe3 f5 15.
exf5 Bxf5 16. e4 Bd7 17. Qd2 Rf6 18. Rf1 Ref8 19. Kh2 Nd8 20. Nh4 Qe8 21. Qe2
Rxf1 22. Rxf1 Rxf1 23. Qxf1 Ne6 24. Ngf5 Nhg5 25. Ne7 Nf4 26. Nhg6+ Nxg6 27.
Nxg6+ Kh7 28. Nf8+ Kh8 29. Nxd7 Qxd7 30. Qf8+ Kh7 31. h4 Qg4 32. hxg5 Qh4+ 33.
Kg1 Qe1+ 34. Qf1 Qe3+ 35. Kh2 hxg5 36. Qf5+ Kh6 37. Qh3+ Qxh3+ 38. Kxh3 Kg6 39.
d4 Kf6 40. Kg4 c5 41. dxc5 dxc5 42. Bd5 b6 43. Kh5 a6 44. g4 a5 45. a4 g6+ 46.
Kh6 Ke7 47. Kxg6 Kf8 48. Kxg5 Kg7 49. Kf5 1-0

[Event "DEM U12 2016"]
[Site "Willingen GER"]
[Date "2016.05.16"]
[Round "4"]
[White "Deutsch, Christoph"]
[Black "Haufe, Laurin"]
[Result "0-1"]
[Termination "normal"]
[Board "16"]
[WhiteElo "1663"]
[BlackElo "1575"]
[PlyCount "68"]
[WhiteFideId "16206878"]
[BlackFideId "12976504"]
[EventCountry "GER"]
[EventRounds "11"]
[EventType "swiss"]
[EventDate "2016.05.14"]

1. e4 c5 2. Nf3 d6 3. Bb5+ Bd7 4. Bxd7+ Qxd7 5. c4 Nc6 6. d4 cxd4 7. Nxd4 g6 8.
Nc3 Bg7 9. Be3 Nf6 10. f3 a6 11. a4 a5 12. Ndb5 Rc8 13. O-O O-O 14. Qd2 Nb4 15.
b3 Rfe8 16. Rad1 Qd8 17. Rfe1 Na6 18. Nd5 Nxd5 19. Qxd5 b6 20. Na7 Ra8 21. Nc6
Qc7 22. Bg5 Rac8 23. Nxe7+ Rxe7 24. Bxe7 Qxe7 25. Qb5 Qa7 26. Rxd6 Bf8 27. Rd7
Bc5+ 28. Kf1 Qa8 29. Rdd1 Rd8 30. Rxd8+ Qxd8 31. Qxa6 Qd4 32. Ke2 Qe3+ 33. Kd1
Qd3+ 34. Kc1 Ba3# 0-1

[Event "DEM U12 2016"]
[Site "Willingen GER"]
[Date "2016.05.16"]
[Round "4"]
[White "Pubantz, Jan"]
[Black "Wensing, Jonathan"]
[Result "0-1"]
[Termination "normal"]
[Board "17"]
[WhiteElo "1551"]
[BlackElo "1578"]
[PlyCount "80"]
[WhiteFideId "12996114"]
[BlackFideId "16222482"]
[EventCountry "GER"]
[EventRounds "11"]
[EventType "swiss"]
[EventDate "2016.05.14"]

1. d4 Nf6 2. c4 e5 3. dxe5 Ng4 4. Bf4 g5 5. Bg3 Bg7 6. Nf3 Nc6 7. e3 Ngxe5 8.
Nxe5 Nxe5 9. Nc3 d6 10. Be2 Be6 11. O-O Qd7 12. Qb3 O-O-O 13. Rfd1 h5 14. h4
Rdg8 15. Nb5 a6 16. Na7+ Kb8 17. Bxe5 Kxa7 18. Bf3 b6 19. Bxg7 Rxg7 20. Qb4
gxh4 21. c5 d5 22. cxb6+ cxb6 23. e4 h3 24. exd5 Bg4 25. Qc3 Rhg8 26. Bxg4 Rxg4
27. Qxh3 Qd6 28. Rd3 h4 29. Kh1 Rxg2 30. Qxh4 R8g4 31. Qh3 Rxf2 32. Rf3 Rxf3
33. Qxg4 Rg3 34. Qh5 Rg6 35. Qf3 Rh6+ 36. Kg2 Qg6+ 37. Kf2 Rh2+ 38. Kf1 Rh5 39.
Qg2 Rf5+ 40. Kg1 Rg5 0-1

[Event "DEM U12 2016"]
[Site "Willingen GER"]
[Date "2016.05.16"]
[Round "4"]
[White "Kolb, Tobias"]
[Black "Hassemeier, Mika"]
[Result "0-1"]
[Termination "normal"]
[Board "18"]
[WhiteElo "1535"]
[BlackElo "1769"]
[PlyCount "50"]
[WhiteFideId "12992321"]
[BlackFideId "12994880"]
[EventCountry "GER"]
[EventRounds "11"]
[EventType "swiss"]
[EventDate "2016.05.14"]

1. e4 c5 2. Nf3 e6 3. b3 Nc6 4. Bb2 a6 5. d4 cxd4 6. Nxd4 Qc7 7. c4 Nf6 8. Nxc6
dxc6 9. Bxf6 gxf6 10. Nd2 Bb4 11. Bd3 Bd7 12. a3 Bc3 13. Rb1 O-O-O 14. Qc2
Bxd2+ 15. Qxd2 Rhg8 16. g3 e5 17. b4 Be6 18. Qc2 Rd4 19. c5 Rgd8 20. Rd1 Bg4
21. Be2 Rxd1+ 22. Bxd1 Rxd1+ 23. Qxd1 Bxd1 24. Kxd1 Qd7+ 25. Ke2 Qd4 0-1

[Event "DEM U12 2016"]
[Site "Willingen GER"]
[Date "2016.05.16"]
[Round "4"]
[White "Gallasch, Jonas"]
[Black "Pauls, Fynn"]
[Result "0-1"]
[Termination "normal"]
[Board "19"]
[WhiteElo "1564"]
[BlackElo "1726"]
[PlyCount "86"]
[WhiteFideId "16222474"]
[BlackFideId "16213149"]
[EventCountry "GER"]
[EventRounds "11"]
[EventType "swiss"]
[EventDate "2016.05.14"]

1. Nf3 d5 2. c4 e6 3. d4 Nf6 4. Nc3 c6 5. Bg5 Be7 6. e3 Nbd7 7. Bd3 O-O 8. O-O
h6 9. Bh4 dxc4 10. Bxc4 Nd5 11. Bxe7 Qxe7 12. e4 Nxc3 13. bxc3 b5 14. Bb3 c5
15. Qe2 a6 16. Bc2 Bb7 17. Rab1 cxd4 18. cxd4 Rfd8 19. Rfd1 Nf8 20. Ne5 Rac8
21. Rb3 b4 22. Rg3 a5 23. Ba4 Rc3 24. Rxc3 bxc3 25. f3 Qb4 26. Qc4 f6 27. Qxb4
axb4 28. Ng4 Ng6 29. Bb3 Kf7 30. g3 Ke7 31. Ne3 Nh8 32. Nc2 Rb8 33. d5 exd5 34.
exd5 Ba6 35. Nd4 Kd6 36. Nf5+ Kd7 37. Re1 Bd3 38. Ba4+ Bb5 39. Bc2 Ng6 40. Nxg7
Ne5 41. Kg2 Ra8 42. Nf5 Rxa2 43. Rc1 Nd3 0-1

[Event "DEM U12 2016"]
[Site "Willingen GER"]
[Date "2016.05.16"]
[Round "4"]
[White "Bethke, Richard"]
[Black "Kostanyan, Hakob"]
[Result "1-0"]
[Termination "normal"]
[Board "20"]
[WhiteElo "1844"]
[BlackElo "1604"]
[PlyCount "97"]
[WhiteFideId "12959243"]
[BlackFideId "12977683"]
[EventCountry "GER"]
[EventRounds "11"]
[EventType "swiss"]
[EventDate "2016.05.14"]

1. e4 c5 2. Nf3 d6 3. d4 cxd4 4. Nxd4 Nf6 5. Nc3 e5 6. Nf3 Be6 7. Be3 Be7 8.
Be2 Nbd7 9. Ng5 Nf8 10. Bb5+ N6d7 11. Nxe6 Nxe6 12. Bc4 O-O 13. O-O Nf6 14. Qe2
a6 15. a4 Rc8 16. Rad1 Qc7 17. Ba2 Nc5 18. f3 Qb6 19. Rb1 Qc6 20. Qc4 Qd7 21.
Qb4 a5 22. Qxa5 Ra8 23. Qb5 Nxa4 24. Qxd7 Nxd7 25. Nd5 Bd8 26. Ra1 Nf6 27. Bb3
Nxd5 28. Bxd5 Bb6 29. Bxb6 Nxb6 30. Bxb7 Rab8 31. Ba6 d5 32. Bd3 Nc4 33. exd5
Rfc8 34. Bxc4 Rxc4 35. c3 Kf8 36. d6 Rcc8 37. Rf2 Rb6 38. Rd2 Rd8 39. Rad1 Ke8
40. d7+ Ke7 41. Kf2 Rh6 42. h3 f5 43. Rd5 Re6 44. c4 g6 45. Ke3 e4 46. b4 exf3+
47. Kxf3 Re4 48. R5d4 Re5 49. c5 1-0

[Event "DEM U12 2016"]
[Site "Willingen GER"]
[Date "2016.05.16"]
[Round "4"]
[White "Maas, Kolja"]
[Black "Evering, Sören"]
[Result "0-1"]
[Termination "normal"]
[Board "21"]
[WhiteElo "1432"]
[BlackElo "1844"]
[PlyCount "72"]
[WhiteFideId "16220420"]
[BlackFideId "12974650"]
[EventCountry "GER"]
[EventRounds "11"]
[EventType "swiss"]
[EventDate "2016.05.14"]

1. e4 e5 2. Nf3 Nc6 3. Bb5 a6 4. Ba4 Nf6 5. O-O Be7 6. Nc3 b5 7. Bb3 d6 8. h3
Na5 9. d4 exd4 10. Nxd4 c5 11. Ndxb5 axb5 12. Nxb5 Nxb3 13. cxb3 Ba6 14. e5
Bxb5 15. exf6 Bxf6 16. Re1+ Be7 17. Bg5 Ra7 18. a4 Ba6 19. Qd5 O-O 20. Be3 Bb7
21. Qd2 d5 22. Bf4 Bd6 23. Bxd6 Qxd6 24. Rac1 d4 25. Qc2 Rc8 26. b4 c4 27. Qxc4
h6 28. Qb3 Rxc1 29. Rxc1 Ra8 30. b5 Re8 31. f3 Qg3 32. Qd1 Re3 33. Kf1 Bxf3 34.
gxf3 Rxf3+ 35. Ke2 Qg2+ 36. Ke1 Rf1# 0-1

[Event "DEM U12 2016"]
[Site "Willingen GER"]
[Date "2016.05.16"]
[Round "4"]
[White "Pahl, Erik"]
[Black "Simukov, Erik"]
[Result "1-0"]
[Termination "normal"]
[Board "22"]
[WhiteElo "1631"]
[BlackElo "1518"]
[PlyCount "45"]
[WhiteFideId "16201272"]
[BlackFideId "12995380"]
[EventCountry "GER"]
[EventRounds "11"]
[EventType "swiss"]
[EventDate "2016.05.14"]

1. e4 e5 2. Nc3 Nf6 3. f4 d5 4. fxe5 Nxe4 5. Qf3 Nc6 6. Bb5 Nxc3 7. dxc3 Be7 8.
Ne2 O-O 9. Bxc6 bxc6 10. O-O Rb8 11. c4 Ba6 12. b3 Qe8 13. cxd5 cxd5 14. Bb2 c6
15. Rfe1 Qd7 16. Qg3 f6 17. exf6 Bxf6 18. Bxf6 Rxf6 19. Qxb8+ Rf8 20. Qg3 Qf5
21. Nd4 Qf6 22. Ne6 Rf7 23. Qb8+ 1-0

[Event "DEM U12 2016"]
[Site "Willingen GER"]
[Date "2016.05.16"]
[Round "4"]
[White "Lommel, Hagen"]
[Black "Kanzow, Alexander"]
[Result "1-0"]
[Termination "normal"]
[Board "23"]
[WhiteElo "1619"]
[BlackElo "1421"]
[PlyCount "113"]
[WhiteFideId "12972380"]
[BlackFideId "16225414"]
[EventCountry "GER"]
[EventRounds "11"]
[EventType "swiss"]
[EventDate "2016.05.14"]

1. e4 e5 2. Nf3 Nc6 3. Bb5 f5 4. d3 fxe4 5. dxe4 Nf6 6. O-O Bc5 7. Qd3 d6 8.
Qc4 Qe7 9. Nc3 a6 10. Bxc6+ bxc6 11. Qa4 Bd7 12. Qb3 h6 13. h3 Be6 14. Qb7 Kd7
15. Rd1 Bc4 16. Na4 Bxf2+ 17. Kxf2 Nxe4+ 18. Kg1 Bb5 19. Nb6+ Ke6 20. Nxa8 Rxa8
21. Qxa8 d5 22. Qc8+ Kf6 23. Be3 d4 24. Nxd4 exd4 25. Bxd4+ Kg6 26. Qg4+ Kh7
27. Qxg7+ Qxg7 28. Bxg7 Kxg7 29. Rd7+ Kf6 30. Rd4 Ke5 31. Rb4 a5 32. Rxb5+ cxb5
33. Re1 c5 34. g4 Kf4 35. Kg2 a4 36. Rd1 b4 37. Rd3 Nf6 38. Rf3+ Ke5 39. Rf5+
Ke6 40. Rxc5 Nd5 41. Rxd5 Kxd5 42. h4 Ke4 43. g5 hxg5 44. hxg5 Kf5 45. Kf3 Kxg5
46. Ke4 Kf6 47. Kd4 b3 48. axb3 axb3 49. cxb3 Ke6 50. Kc5 Kd7 51. Kb6 Kc8 52.
b4 Kb8 53. b5 Ka8 54. Kc7 Ka7 55. b6+ Ka6 56. b7 Ka5 57. b8=Q 1-0

[Event "DEM U12 2016"]
[Site "Willingen GER"]
[Date "2016.05.16"]
[Round "4"]
[White "Riemann, Jonas"]
[Black "Tham, Minh"]
[Result "1/2-1/2"]
[Termination "normal"]
[Board "24"]
[WhiteElo "1408"]
[BlackElo "1737"]
[PlyCount "126"]
[WhiteFideId "12977462"]
[BlackFideId "12997323"]
[EventCountry "GER"]
[EventRounds "11"]
[EventType "swiss"]
[EventDate "2016.05.14"]

1. e4 e5 2. Nf3 Nc6 3. Bc4 Bc5 4. c3 Nf6 5. d3 d6 6. O-O a6 7. Bb3 O-O 8. Be3
Bxe3 9. fxe3 d5 10. exd5 Nxd5 11. Qe2 Be6 12. Nbd2 Re8 13. Qf2 h6 14. Rae1 Qd7
15. Qg3 Nf6 16. Bxe6 Rxe6 17. d4 Rae8 18. Nc4 exd4 19. exd4 Rxe1 20. Nxe1 Qe6
21. b3 b5 22. Nb2 Qe7 23. Ned3 Ne4 24. Qe1 Qa3 25. Rf4 Nf6 26. Qb1 Nd5 27. Rf2
Qd6 28. Qc1 b4 29. Nc4 Qe7 30. cxb4 Ncxb4 31. Qd2 Nxd3 32. Qxd3 Nb4 33. Qf3 Qe6
34. Ne5 f6 35. Nd3 Qd6 36. Nxb4 Qxb4 37. Qd5+ Kh8 38. Qc4 Qb6 39. g3 Qd6 40.
Rd2 Qe7 41. Qd3 Qe6 42. d5 Qd6 43. Qd4 Qe7 44. Qd3 Rd8 45. Re2 Qc5+ 46. Kf1 a5
47. Rd2 Qc1+ 48. Rd1 Qb2 49. Rd2 Qa1+ 50. Kg2 Qe5 51. Kf2 Qh5 52. h4 Qf7 53.
Qc4 Qd7 54. Qc5 Ra8 55. d6 cxd6 56. Rxd6 Qe7 57. Qd5 Re8 58. Qd2 Qa7+ 59. Kg2
Qb7+ 60. Kh3 Qc8+ 61. Kg2 Qg4 62. Rd8 Qe4+ 63. Kh2 a4 1/2-1/2